000 00745nam a2200217Ia 4500
005 20230926112354.0
008 210716s2010 xx 000 0 und d
020 _a9788126525652
040 _cAIMIT LIBRARY
041 _aeng
082 _a005.44
_21
_bNEGC
100 _aNegus, Christopher.
_947924
245 _aFedora bible 2010 edition :
_bfeaturing fedora linux 12 /
_cBy Christopher Negus and Eric Foster-Johnson.
250 _a1st ed.
260 _aNew Delhi :
_bWiley India Pvt Ltd. ,
_c2010 .
300 _axxxv, 988p. ;
_bPB
_c23.5 cm.
650 _aAccessing and running applications
_947925
650 _aFedora network and server setup
_947926
700 _aFoster- Johnson, Eric.
_947927
942 _2ddc
_cBK
_e1st
_k005.44 NEGC
999 _c190545
_d190545